[Event "18. Copenhagen Open (Politiken Cup)"]
[Site "Brondby"]
[Date "1996.??.??"]
[Round "11"]
[White "Baburin, Alexander"]
[Black "Glek, Igor"]
[Result "1/2-1/2"]
[WhiteElo "2505"]
[BlackElo "2635"]
[PlyCount "93"]
[EventDate "1996.??.??"]
[EventType "swiss"]
[EventRounds "11"]
[EventCountry "DEN"]
[SourceDate "2004.01.01"]

1. d4 Nf6 2. c4 g6 3. Nf3 Bg7 4. g3 O-O 5. Bg2 c6 6. Nc3 d6 7. O-O Qa5 8. e4
Bg4 9. h3 Bxf3 10. Bxf3 e5 11. d5 cxd5 12. cxd5 Nbd7 13. Bd2 Rfc8 14. Qe2 a6
15. h4 h5 16. Bg2 Qd8 17. Bh3 Rc7 18. Rac1 Rac8 19. Bg5 Qf8 20. Qd2 Kh7 21. f3
Qe8 22. b3 Ng8 23. Na4 f6 24. Be3 Bh6 25. Bxh6 Nxh6 26. Bxd7 Rxd7 27. Nb6 Rxc1
28. Rxc1 Rg7 29. Rc8 Qe7 30. Qc3 f5 31. Rb8 fxe4 32. Qc8 Ng8 33. fxe4 Qc7 34.
Qxc7 Rxc7 35. Rc8 Rf7 36. Nc4 Nf6 37. Nxd6 Rd7 38. Nc4 Nxe4 39. Nxe5 Rxd5 40.
Rc7+ Kg8 41. Nxg6 Rd3 42. Ne7+ Kf8 43. Nf5 Nxg3 44. Nxg3 Rxg3+ 45. Kf2 Rh3 46.
Rxb7 Rh2+ 47. Kf3 1/2-1/2

[Event "18. Copenhagen Open (Politiken Cup)"]
[Site "Brondby"]
[Date "1996.??.??"]
[Round "11"]
[White "Bank, Pelle Rodkjaer"]
[Black "Persson, Richard"]
[Result "1-0"]
[WhiteElo "2230"]
[BlackElo "2140"]
[PlyCount "159"]
[EventDate "1996.??.??"]
[EventType "swiss"]
[EventRounds "11"]
[EventCountry "DEN"]
[SourceDate "2004.01.01"]

1. e4 e6 2. d4 d5 3. Nd2 Nf6 4. e5 Nfd7 5. Ngf3 c5 6. c4 cxd4 7. cxd5 exd5 8.
Bd3 Nc6 9. O-O Nc5 10. Nb3 Bg4 11. h3 Bh5 12. Bb5 Bxf3 13. Qxf3 Ne6 14. Qe2 Qb6
15. Kh1 a6 16. Bd3 Nb4 17. f4 Nc5 18. Nxc5 Bxc5 19. Bb1 Qb5 20. Qf3 O-O-O 21.
a3 Nc6 22. b4 Bb6 23. Bd2 Na7 24. Bf5+ Kb8 25. a4 Qe8 26. Bd3 g6 27. Rfb1 Bc7
28. b5 axb5 29. Bxb5 Qe6 30. Qd3 Ka8 31. Qxd4 g5 32. Be3 Bb8 33. a5 gxf4 34.
Bxf4 Nc8 35. Be2 Ba7 36. Qa4 f6 37. Bg4 f5 38. Be2 Rd7 39. Rc1 Ne7 40. a6 b6
41. Bb5 Rdd8 42. Rc6 Nxc6 43. Bxc6+ Kb8 44. Qb5 Rhg8 45. Rb1 Rg6 46. Rc1 Rg7
47. Rd1 d4 48. Bf3 Rc7 49. Rd2 Rc5 50. Qb4 Rc4 51. Qxc4 Qxc4 52. e6+ Qc7 53. e7
Re8 54. Rxd4 Qxf4 55. Rxf4 Rxe7 56. Rxf5 Kc7 57. Rh5 Bb8 58. Kg1 Kd8 59. Kf2
Bf4 60. Bd5 b5 61. Kf3 Bd6 62. Be4 Rf7+ 63. Ke2 Re7 64. Kd3 Rd7 65. Rxb5 Bc5+
66. Kc4 Ba7 67. Rd5 Rxd5 68. Kxd5 h6 69. Ke6 Be3 70. Kf6 Ke8 71. Kg6 Kf8 72. g4
Kg8 73. Bd5+ Kh8 74. Be6 Bd4 75. Kxh6 Be3+ 76. Kg6 Bd4 77. g5 Bc5 78. Kf7 Bb6
79. g6 Bd4 80. a7 1-0

[Event "18. Copenhagen Open (Politiken Cup)"]
[Site "Brondby"]
[Date "1996.??.??"]
[Round "11"]
[White "Bekker Jensen, Simon"]
[Black "Olsen, Heini"]
[Result "0-1"]
[WhiteElo "2215"]
[BlackElo "2325"]
[PlyCount "130"]
[EventDate "1996.??.??"]
[EventType "swiss"]
[EventRounds "11"]
[EventCountry "DEN"]
[SourceDate "2004.01.01"]

1. d4 Nf6 2. c4 e6 3. Nc3 d5 4. cxd5 Nxd5 5. e4 Nxc3 6. bxc3 c5 7. Nf3 cxd4 8.
cxd4 Bb4+ 9. Bd2 Bxd2+ 10. Qxd2 O-O 11. Bc4 Nc6 12. O-O b6 13. Rad1 Bb7 14.
Rfe1 Na5 15. Bd3 h6 16. Qf4 Qf6 17. Qe3 Qe7 18. Qd2 Rac8 19. d5 Rfd8 20. Qf4
Qf6 21. Qg3 Qe7 22. Bb1 Nc4 23. Ne5 Nxe5 24. Qxe5 Rd6 25. Rd3 f6 26. Qd4 exd5
27. Rdd1 Re6 28. a4 Kh8 29. f3 dxe4 30. fxe4 Re5 31. Re3 Re8 32. Qd7 Bxe4 33.
Rxe4 Rxe4 34. Bxe4 Qxe4 35. h3 Qe7 36. Qb5 Rd8 37. Rxd8+ Qxd8 38. Qc4 Qd7 39.
Qe4 Kg8 40. Qc4+ Kf8 41. Qa6 Ke7 42. Kh1 Kd6 43. Qc4 Qb7 44. Qb4+ Kd7 45. Qg4+
Kd8 46. Qc4 Qd7 47. Qa6 Ke7 48. Qe2+ Kf8 49. Qa6 Kg8 50. Qc4+ Kh8 51. Qa6 Kh7
52. Kh2 Qe7 53. Kh1 Qe1+ 54. Kh2 Qa5 55. Qd3+ f5 56. Qd7 Qe5+ 57. Kh1 a6 58.
Qc8 b5 59. Qxa6 Qa1+ 60. Kh2 Qxa4 61. Qd6 Qe4 62. Qa3 Qb1 63. g4 b4 64. Qg3
Qc2+ 65. Kg1 fxg4 0-1

[Event "18. Copenhagen Open (Politiken Cup)"]
[Site "Brondby"]
[Date "1996.??.??"]
[Round "11"]
[White "Berg, Emanuel"]
[Black "Sobjerg, Erik"]
[Result "1/2-1/2"]
[WhiteElo "2180"]
[BlackElo "2320"]
[PlyCount "138"]
[EventDate "1996.??.??"]
[EventType "swiss"]
[EventRounds "11"]
[EventCountry "DEN"]
[SourceDate "2004.01.01"]

1. e4 e5 2. Nf3 Nc6 3. d4 exd4 4. Nxd4 Nf6 5. Nc3 Bb4 6. Nxc6 bxc6 7. Bd3 d5 8.
exd5 cxd5 9. O-O O-O 10. Bg5 c6 11. Qf3 Be7 12. h3 Ne8 13. Bxe7 Qxe7 14. Rfe1
Qf6 15. Qg3 Nd6 16. Ne2 Rd8 17. Nd4 Bb7 18. Qe5 Qxe5 19. Rxe5 c5 20. Nb5 c4 21.
Nxd6 Rxd6 22. Bf1 Re6 23. Rae1 Rae8 24. f4 Rxe5 25. Rxe5 Kf8 26. Kf2 f6 27.
Rxe8+ Kxe8 28. Ke3 Ke7 29. b3 cxb3 30. cxb3 a5 31. a3 Kd6 32. Kd4 g5 33. g3 h6
34. Bg2 Bc6 35. Bf3 Bb7 36. Bg2 Bc6 37. Bf3 Bb7 38. Be2 Bc8 39. h4 Bb7 40. Bf3
Bc6 41. Bg4 Bb7 42. Bf5 Ba6 43. Bg6 Bb7 44. Bf7 Ba8 45. b4 axb4 46. axb4 Bc6
47. Bg8 Bb7 48. b5 Ba8 49. Bh7 Bb7 50. Bf5 Ba8 51. Bc8 Kc7 52. Ba6 Kb6 53. fxg5
fxg5 54. h5 Ka5 55. g4 Kb6 56. Ke5 d4 57. Kxd4 Bf3 58. Bc8 Kxb5 59. Ke5 Kc6 60.
Kf6 Kd6 61. Kg7 Ke7 62. Kxh6 Kf8 63. Kh7 Be4+ 64. Kh8 Bd3 65. Be6 Be4 66. Bg8
Bf3 67. Be6 Be4 68. h6 Bd3 69. Bf5 Bxf5 1/2-1/2

[Event "18. Copenhagen Open (Politiken Cup)"]
[Site "Brondby"]
[Date "1996.??.??"]
[Round "11"]
[White "Borge, Nikolaj"]
[Black "Tonning, Erik"]
[Result "1-0"]
[WhiteElo "2455"]
[BlackElo "2220"]
[PlyCount "137"]
[EventDate "1996.??.??"]
[EventType "swiss"]
[EventRounds "11"]
[EventCountry "DEN"]
[SourceDate "2004.01.01"]

1. e4 d5 2. exd5 Nf6 3. d4 Bg4 4. Nf3 Qxd5 5. Nc3 Qf5 6. Bd3 Bxf3 7. Bxf5 Bxd1
8. Nxd1 e6 9. Bd3 Nc6 10. Bb5 Kd7 11. c3 a6 12. Ba4 b5 13. Bc2 Rb8 14. Ne3 Bd6
15. O-O Rhd8 16. Rd1 Ne7 17. h3 h6 18. Ng4 Nxg4 19. hxg4 Nd5 20. g3 Rh8 21. Kg2
h5 22. gxh5 Rxh5 23. Rh1 Rxh1 24. Kxh1 Nb6 25. a4 Nd5 26. Bd2 c6 27. axb5 axb5
28. Kg2 Kc7 29. b3 e5 30. c4 bxc4 31. bxc4 Rb2 32. Ba5+ Kb7 33. Rb1 Rxb1 34.
Bxb1 Nf6 35. dxe5 Bxe5 36. f4 Bd4 37. Kf3 c5 38. g4 Kc6 39. Be1 Ne8 40. Be4+
Kd6 41. Bd5 Ke7 42. Bh4+ f6 43. f5 Nd6 44. Bg3 Bg1 45. Be6 Bd4 46. Bh2 Bc3 47.
Bg1 Bb4 48. Bd5 Ba3 49. Be3 Bb4 50. Bf2 Ba3 51. Be1 Bb2 52. Bf2 Ba3 53. Be1 Bb2
54. Ke3 Bd4+ 55. Kd3 Bg1 56. Bc3 Bf2 57. Ba5 Bg1 58. Bc3 Bf2 59. Kc2 Nc8 60.
Kb3 Nb6 61. Be6 Nd7 62. Bxd7 Kxd7 63. Kc2 Kd6 64. Kd3 Bg3 65. Ke4 Bh4 66. Bd2
Bf2 67. Bf4+ Kc6 68. g5 Bd4 69. g6 1-0

[Event "18. Copenhagen Open (Politiken Cup)"]
[Site "Brondby"]
[Date "1996.??.??"]
[Round "11"]
[White "Brinck Claussen, Bjorn"]
[Black "Bekker Jensen, David"]
[Result "1-0"]
[WhiteElo "2380"]
[BlackElo "2220"]
[PlyCount "81"]
[EventDate "1996.??.??"]
[EventType "swiss"]
[EventRounds "11"]
[EventCountry "DEN"]
[SourceDate "2004.01.01"]

1. e4 c5 2. Nf3 d6 3. d4 cxd4 4. Nxd4 Nf6 5. Nc3 a6 6. Bc4 e6 7. Bb3 b5 8. O-O
Be7 9. Qf3 Qc7 10. Re1 Nc6 11. Nxc6 Qxc6 12. Qg3 Bb7 13. a3 O-O 14. Bh6 Ne8 15.
Bg5 Bxg5 16. Qxg5 Nf6 17. Rad1 Rad8 18. Rd3 Kh8 19. Rg3 Rg8 20. Rh3 Qc5 21. Qf4
a5 22. g4 b4 23. axb4 axb4 24. Na4 Qe5 25. Qxe5 dxe5 26. Nc5 Ba8 27. g5 Rc8 28.
Nxe6 fxe6 29. gxf6 gxf6+ 30. Rg3 h5 31. f3 f5 32. exf5 Bxf3 33. Rxe5 Bd5 34.
fxe6 Rxg3+ 35. hxg3 Bxb3 36. cxb3 Kg7 37. e7 Kf7 38. e8=Q+ Rxe8 39. Rxe8 Kxe8
40. Kg2 Kf7 41. Kh3 1-0

[Event "18. Copenhagen Open (Politiken Cup)"]
[Site "Brondby"]
[Date "1996.??.??"]
[Round "11"]
[White "Christensen, John"]
[Black "Jorgensen, Stig E"]
[Result "1-0"]
[WhiteElo "2145"]
[BlackElo "2065"]
[PlyCount "75"]
[EventDate "1996.??.??"]
[EventType "swiss"]
[EventRounds "11"]
[EventCountry "DEN"]
[SourceDate "2004.01.01"]

1. Nf3 Nf6 2. b3 g6 3. Bb2 Bg7 4. e3 O-O 5. Be2 d6 6. d4 b6 7. O-O c5 8. c4
Nbd7 9. Nbd2 Qc7 10. Qc2 Bb7 11. d5 e5 12. dxe6 fxe6 13. Ng5 Rae8 14. Bf3 d5
15. g3 Ne5 16. Bg2 Nf7 17. Nxf7 Rxf7 18. Rad1 Rd7 19. Nf3 Nh5 20. Bxg7 Nxg7 21.
Qb2 Red8 22. Ng5 d4 23. Bxb7 Qxb7 24. exd4 h6 25. Nh3 cxd4 26. Nf4 e5 27. Nxg6
Qe4 28. Nh4 Qc6 29. Qe2 e4 30. Rfe1 Re8 31. Qg4 Kh7 32. f3 e3 33. Rxd4 Rxd4 34.
Qxd4 Qe6 35. Qd3+ Kg8 36. Ng2 Nf5 37. g4 Qc6 38. Qxf5 1-0

[Event "18. Copenhagen Open (Politiken Cup)"]
[Site "Brondby"]
[Date "1996.??.??"]
[Round "11"]
[White "Clausen, Steen"]
[Black "Strange, Mikkel"]
[Result "1/2-1/2"]
[WhiteElo "2255"]
[BlackElo "2245"]
[PlyCount "140"]
[EventDate "1996.??.??"]
[EventType "swiss"]
[EventRounds "11"]
[EventCountry "DEN"]
[SourceDate "2004.01.01"]

1. d4 f5 2. e4 fxe4 3. Nc3 Nf6 4. Bg5 Nc6 5. d5 Ne5 6. Qd4 Nf7 7. Bxf6 exf6 8.
O-O-O g6 9. Qxe4+ Qe7 10. Re1 Nd6 11. Qxe7+ Bxe7 12. f4 Kf7 13. Nf3 Ne8 14. Bd3
Bb4 15. Re2 Ng7 16. Ne4 d6 17. c3 Ba5 18. h3 Nh5 19. Rf1 h6 20. Rfe1 Bf5 21.
Nf2 Nxf4 22. Re7+ Kf8 23. Bxf5 gxf5 24. Nd4 Bb6 25. Rd7 Bxd4 26. cxd4 Nxd5 27.
g4 f4 28. Ne4 Re8 29. Kd2 Kg8 30. Nc3 Rxe1 31. Nxd5 Re6 32. Nxf4 Re4 33. Rd8+
Kf7 34. Rxh8 Rxf4 35. Ke3 Rf1 36. Rh7+ Ke6 37. Rxc7 Rh1 38. Rxb7 Rxh3+ 39. Kf4
Rh2 40. a4 a5 41. b3 Rh3 42. Rb5 Rd3 43. Ke4 Rg3 44. d5+ Kf7 45. Kf4 Rd3 46.
Rxa5 Rxb3 47. Ra8 Kg6 48. Rg8+ Kf7 49. Rd8 Kg6 50. Rg8+ Kf7 51. Ra8 Kg6 52. a5
Rb4+ 53. Kg3 Rb3+ 54. Kf4 Rb4+ 55. Kf3 Rb3+ 56. Ke4 Rb4+ 57. Kd3 Kg5 58. a6 Kf4
59. Kc3 Rb6 60. Kc4 Kg3 61. a7 Rb7 62. Rf8 Rxa7 63. Rxf6 Kxg4 64. Rxh6 Rc7+ 65.
Kb4 Kf5 66. Rxd6 Ke5 67. Rd8 Rc1 68. d6 Ke6 69. Kb5 Rd1 70. Re8+ Kd7 1/2-1/2

[Event "18. Copenhagen Open (Politiken Cup)"]
[Site "Brondby"]
[Date "1996.??.??"]
[Round "11"]
[White "De Firmian, Nick E"]
[Black "Kulaots, Kaido"]
[Result "1-0"]
[WhiteElo "2595"]
[BlackElo "2400"]
[PlyCount "147"]
[EventDate "1996.??.??"]
[EventType "swiss"]
[EventRounds "11"]
[EventCountry "DEN"]
[SourceDate "2004.01.01"]

1. e4 c5 2. Nf3 Nc6 3. d4 cxd4 4. Nxd4 e6 5. Nc3 Qc7 6. g3 a6 7. Bg2 Nge7 8.
Nb3 Ng6 9. O-O Be7 10. a4 O-O 11. f4 Rb8 12. Be3 b6 13. Qe2 f6 14. Rad1 Na5 15.
Nd4 Qc4 16. Rd3 Rf7 17. Rfd1 Nf8 18. Qf2 Qc7 19. b3 Nc6 20. Nce2 Nb4 21. R3d2
Bb7 22. c3 Nc6 23. c4 Bb4 24. Rd3 Na5 25. Nc2 Bc5 26. Ned4 Re8 27. Ne2 Ba8 28.
Rc1 Nb7 29. Nc3 Na5 30. Ne2 Nb7 31. Rcd1 Bxe3 32. Qxe3 Nc5 33. R3d2 Bc6 34. a5
Qb7 35. Rd6 f5 36. Rxc6 Qxc6 37. exf5 Qc8 38. axb6 exf5 39. Qf2 Ne4 40. Bxe4
fxe4 41. Nc3 Qc5 42. Nd5 e3 43. Qf3 Rb8 44. Rd3 d6 45. Qe4 a5 46. Nd4 Kh8 47.
Rxe3 h6 48. Kg2 a4 49. bxa4 Qxc4 50. Nb5 Qc1 51. Re2 Qd1 52. a5 Nd7 53. Nxd6
Rff8 54. Qf3 Nc5 55. Re7 Qd2+ 56. Kh3 Nd3 57. Re2 Qd1 58. Ne7 Nxf4+ 59. gxf4
Qxd6 60. Qe4 Rf6 61. Re3 Qd7+ 62. Kg3 Re8 63. b7 Qb5 64. Rc3 Qf1 65. Rc8 Qg1+
66. Kh3 Qf1+ 67. Qg2 Qd3+ 68. Qg3 Qf1+ 69. Kg4 Qe2+ 70. Kh3 Qf1+ 71. Qg2 Qd3+
72. Kg4 Rg6+ 73. Kh4 Rxg2 74. Rxe8+ 1-0

[Event "18. Copenhagen Open (Politiken Cup)"]
[Site "Brondby"]
[Date "1996.??.??"]
[Round "11"]
[White "Fernandez Siles, Luis"]
[Black "Brynell, Stellan"]
[Result "1/2-1/2"]
[WhiteElo "2270"]
[BlackElo "2445"]
[PlyCount "69"]
[EventDate "1996.??.??"]
[EventType "swiss"]
[EventRounds "11"]
[EventCountry "DEN"]
[SourceDate "2004.01.01"]

1. d4 e6 2. Nf3 c5 3. e3 Nf6 4. Bd3 Nc6 5. O-O d5 6. Re1 Bd6 7. b3 e5 8. dxe5
Nxe5 9. Bb5+ Nc6 10. Bb2 O-O 11. Nbd2 a6 12. Bf1 Bf5 13. a3 Re8 14. h3 b5 15.
g4 Bg6 16. Nh4 d4 17. Nxg6 dxe3 18. Rxe3 Rxe3 19. fxe3 hxg6 20. Bg2 Qe8 21. Qf3
Rd8 22. Bxf6 gxf6 23. Ne4 Qe5 24. Rd1 Be7 25. Rf1 Kg7 26. Qf4 Qxf4 27. Rxf4 Ne5
28. Nc3 b4 29. axb4 cxb4 30. Nd5 Bc5 31. Kf1 a5 32. Ke2 Rd6 33. Nc7 Kf8 34. Nd5
Kg7 35. Nc7 1/2-1/2

[Event "18. Copenhagen Open (Politiken Cup)"]
[Site "Brondby"]
[Date "1996.??.??"]
[Round "11"]
[White "Fries Nielsen, Jens Ove"]
[Black "Antonsen, Mikkel"]
[Result "1/2-1/2"]
[WhiteElo "2420"]
[BlackElo "2410"]
[PlyCount "97"]
[EventDate "1996.??.??"]
[EventType "swiss"]
[EventRounds "11"]
[EventCountry "DEN"]
[SourceDate "2004.01.01"]

1. d4 Nf6 2. c3 g6 3. Bg5 Bg7 4. Nd2 O-O 5. Ngf3 d6 6. e4 Nbd7 7. Bc4 e5 8. O-O
h6 9. Bh4 b6 10. a4 a6 11. Re1 Bb7 12. Qc2 Re8 13. Rad1 Qe7 14. dxe5 dxe5 15.
b4 a5 16. Qb3 Bc6 17. Ra1 Ra7 18. Bxf6 Qxf6 19. Bd5 Rea8 20. Bxc6 Qxc6 21. b5
Qf6 22. Nc4 Qe6 23. Ncd2 Re8 24. Qxe6 Rxe6 25. Nc4 Nc5 26. Nfd2 Ra8 27. Red1
Rd8 28. f3 Rd3 29. Ra3 Re8 30. Nb2 Rd7 31. Nf1 Rxd1 32. Nxd1 Rd8 33. Nde3 Rd3
34. Kf2 Bf8 35. Ke2 Rd7 36. Ra1 Kg7 37. Nc4 f6 38. Nfe3 Kf7 39. g4 Ke6 40. h4
Be7 41. h5 gxh5 42. gxh5 Bf8 43. Nb2 Rg7 44. Rh1 Rg5 45. Kf1 Bd6 46. Nf5 Bf8
47. Ne3 Bd6 48. Nf5 Bf8 49. Ne3 1/2-1/2

[Event "18. Copenhagen Open (Politiken Cup)"]
[Site "Brondby"]
[Date "1996.??.??"]
[Round "11"]
[White "Gausel, Einar"]
[Black "Wolski, Thomas"]
[Result "1-0"]
[WhiteElo "2515"]
[BlackElo "2310"]
[PlyCount "117"]
[EventDate "1996.??.??"]
[EventType "swiss"]
[EventRounds "11"]
[EventCountry "DEN"]
[SourceDate "2004.01.01"]

1. Nf3 b6 2. d4 Bb7 3. c4 e6 4. a3 f5 5. Nc3 Nf6 6. Bg5 Be7 7. e3 Ne4 8. Bxe7
Qxe7 9. Rc1 O-O 10. Be2 d6 11. O-O Nxc3 12. Rxc3 Nd7 13. Nd2 c5 14. Bf3 Nf6 15.
b4 e5 16. Bxb7 Qxb7 17. Qb1 Qd7 18. Rd1 Rfd8 19. Nb3 Ne4 20. Rcd3 exd4 21. exd4
cxb4 22. axb4 Rac8 23. f3 Nf6 24. Nd2 b5 25. Qb3 Kh8 26. d5 Qb7 27. Kh1 Nd7 28.
f4 Re8 29. h3 a6 30. cxb5 axb5 31. Nf3 Rc4 32. Ng5 Nf6 33. Re3 Ne4 34. Kh2 h6
35. Ne6 Rec8 36. Qb2 Rc2 37. Qa1 Nc3 38. Rdd3 Ra8 39. Rxc3 Rxa1 40. Rxc2 Ra8
41. Rc6 Rg8 42. Ra3 Qe7 43. Rc7 Qf6 44. Ra5 h5 45. Rxb5 h4 46. Rc2 Qa1 47. Ra5
Qb1 48. Rca2 Qxb4 49. R5a4 Qe1 50. R2a3 Kh7 51. Ng5+ Kh6 52. Ra6 Rb8 53. Rxd6+
Kh5 54. Ne6 Rb7 55. Rf3 Ra7 56. Rc6 Rb7 57. Ra6 Rd7 58. Rb3 Re7 59. Ra8 1-0

[Event "18. Copenhagen Open (Politiken Cup)"]
[Site "Brondby"]
[Date "1996.??.??"]
[Round "11"]
[White "Hansen, Gunnar West"]
[Black "Ligaard, Morten Lund"]
[Result "0-1"]
[WhiteElo "2295"]
[BlackElo "2210"]
[PlyCount "128"]
[EventDate "1996.??.??"]
[EventType "swiss"]
[EventRounds "11"]
[EventCountry "DEN"]
[SourceDate "2004.01.01"]

1. e4 d5 2. exd5 Nf6 3. c4 e6 4. dxe6 Bxe6 5. d4 Bb4+ 6. Bd2 Bxd2+ 7. Qxd2 Qe7
8. Qe3 Nc6 9. Be2 O-O-O 10. d5 Nb4 11. Na3 Nfxd5 12. cxd5 Nxd5 13. Qxa7 Qb4+
14. Kf1 Nb6 15. Bf3 Bd5 16. Ne2 Bxf3 17. gxf3 Rd5 18. Nc2 Qd2 19. Ncd4 Ra5 20.
Nb3 Qxe2+ 21. Kxe2 Rxa7 22. Rhc1 Ra4 23. Kf1 Re8 24. Rc2 Nd5 25. Rd1 Nf4 26.
Rd4 Rxd4 27. Nxd4 Rd8 28. Rd2 Rd5 29. b4 Kd7 30. Ke1 c6 31. Kd1 Kc7 32. Kc2 Rh5
33. a4 Rxh2 34. b5 Nh3 35. Kb3 Rxf2 36. Rd1 Kb6 37. bxc6 bxc6 38. Kc4 Ra2 39.
Kb3 Rf2 40. Kc4 Ng5 41. a5+ Kc7 42. Ra1 Nxf3 43. a6 Ne5+ 44. Kb4 Rb2+ 45. Kc3
Rb8 46. Re1 f6 47. Ne6+ Kb6 48. Nxg7 Kxa6 49. Nh5 Rf8 50. Rf1 f5 51. Kd4 Ng6
52. Ng7 f4 53. Ne6 Rf5 54. Nc5+ Kb6 55. Rb1+ Kc7 56. Rb7+ Kc8 57. Rxh7 f3 58.
Rh1 f2 59. Rf1 Rd5+ 60. Kc4 Ne5+ 61. Kb4 Ng4 62. Ra1 Ne3 63. Ra8+ Kc7 64. Ra7+
Kb8 0-1

[Event "18. Copenhagen Open (Politiken Cup)"]
[Site "Brondby"]
[Date "1996.??.??"]
[Round "11"]
[White "Hansen, Henrik Michael"]
[Black "Hellstrm, Aake"]
[Result "0-1"]
[WhiteElo "2110"]
[BlackElo "2245"]
[PlyCount "82"]
[EventDate "1996.??.??"]
[EventType "swiss"]
[EventRounds "11"]
[EventCountry "DEN"]
[SourceDate "2004.01.01"]

1. e4 c6 2. d4 d5 3. Nc3 dxe4 4. Nxe4 Bf5 5. Ng3 Bg6 6. N1e2 Nf6 7. Nf4 e5 8.
Nxg6 hxg6 9. Be3 Nbd7 10. Bc4 Bd6 11. Qe2 Qe7 12. O-O-O exd4 13. Rxd4 O-O-O 14.
Rhd1 Nb6 15. Bb3 Nbd5 16. Bxd5 Nxd5 17. Ne4 Be5 18. Ra4 Nxe3 19. Rxd8+ Qxd8 20.
fxe3 Rxh2 21. c3 Kb8 22. Nd2 Qd5 23. e4 Qb5 24. Rc4 Bf4 25. Kc2 Bxd2 26. Qxd2
Rxg2 27. Qxg2 Qxc4 28. Qh2+ Kc8 29. e5 Kd7 30. Qh3+ Qe6 31. Qe3 b6 32. b3 Qf5+
33. Kb2 Ke6 34. a4 Qxe5 35. Qh3+ f5 36. Qh8 Qf6 37. Qa8 f4 38. Qe8+ Kf5 39.
Qd7+ Ke4 40. Kc2 f3 41. Qg4+ Ke3 0-1

[Event "18. Copenhagen Open (Politiken Cup)"]
[Site "Brondby"]
[Date "1996.??.??"]
[Round "11"]
[White "Hansen, Lars Bo"]
[Black "Tukmakov, Vladimir B"]
[Result "1/2-1/2"]
[WhiteElo "2565"]
[BlackElo "2595"]
[PlyCount "85"]
[EventDate "1996.??.??"]
[EventType "swiss"]
[EventRounds "11"]
[EventCountry "DEN"]
[SourceDate "2004.01.01"]

1. d4 Nf6 2. Nf3 g6 3. Nc3 Bg7 4. e4 d6 5. Bc4 O-O 6. Bb3 Bg4 7. h3 Bxf3 8.
Qxf3 Nc6 9. Qd1 Nd7 10. Be3 e5 11. dxe5 Bxe5 12. O-O Na5 13. Qd2 Nb6 14. Qd3
Re8 15. Rae1 Bg7 16. Kh1 Qd7 17. Bd2 c5 18. Bd5 Nc6 19. a3 Nd4 20. Be3 Rac8 21.
f3 a6 22. Rd1 Kh8 23. Qd2 f5 24. Ba2 Qc6 25. Bf2 fxe4 26. Nxe4 d5 27. Nxc5 Re2
28. Qf4 Rxf2 29. Rxf2 Qxc5 30. c3 Nf5 31. Re2 Rf8 32. Rde1 Nd6 33. Qg4 Nbc4 34.
Bxc4 dxc4 35. Qd7 h5 36. Re6 Nf5 37. Rxg6 Qf2 38. Re8 Rxe8 39. Qxe8+ Kh7 40.
Rg5 Ng3+ 41. Kh2 Nf1+ 42. Kh1 Ng3+ 43. Kh2 1/2-1/2

[Event "18. Copenhagen Open (Politiken Cup)"]
[Site "Brondby"]
[Date "1996.??.??"]
[Round "11"]
[White "Hartung Nielsen, Jens"]
[Black "Thorfinnsson, Bjorn"]
[Result "1-0"]
[WhiteElo "2260"]
[BlackElo "2060"]
[PlyCount "151"]
[EventDate "1996.??.??"]
[EventType "swiss"]
[EventRounds "11"]
[EventCountry "DEN"]
[SourceDate "2004.01.01"]

1. d4 Nf6 2. Nf3 e6 3. Bg5 c5 4. e3 h6 5. Bxf6 Qxf6 6. Nbd2 cxd4 7. exd4 Nc6 8.
Ne4 Qf4 9. Bd3 d5 10. Ng3 Bd7 11. c3 g6 12. O-O Bg7 13. Re1 O-O 14. Bf1 Rad8
15. Ne2 Qc7 16. Nc1 Rfe8 17. Nd3 b6 18. Qd2 Bc8 19. Nde5 Nxe5 20. Nxe5 Kh7 21.
Bd3 Bxe5 22. Rxe5 f6 23. Rh5 Qg7 24. Re1 e5 25. dxe5 fxe5 26. Bc2 Bg4 27. Rh4
Bf5 28. Re3 e4 29. Rg3 b5 30. Bd1 b4 31. Bg4 bxc3 32. bxc3 Rb8 33. h3 Bxg4 34.
Rhxg4 g5 35. Qxd5 Rbd8 36. Qf5+ Qg6 37. Qc5 Qb6 38. Qxb6 axb6 39. Re3 Rd1+ 40.
Kh2 Rd3 41. Rgxe4 Rxe4 42. Rxd3 Re2 43. Kg3 Rxa2 44. Rd7+ Kg8 45. Rd6 Kg7 46.
Rxb6 Rc2 47. Rc6 Kh7 48. Kf3 Kg7 49. g3 h5 50. Ke3 Kh7 51. h4 gxh4 52. gxh4 Kg7
53. Kf3 Kh7 54. Kg3 Kg7 55. f3 Kh7 56. Kf4 Rf2 57. c4 Kg7 58. Rc5 Kh6 59. Re5
Rc2 60. Re6+ Kg7 61. Re4 Kf6 62. Rd4 Rf2 63. Rd6+ Kg7 64. Rd5 Kh6 65. c5 Rc2
66. Rd6+ Kg7 67. Rc6 Rc3 68. Kg5 Rxf3 69. Rc7+ Kf8 70. Kxh5 Rg3 71. Kh6 Rg1 72.
h5 Rg2 73. Kh7 Rg1 74. h6 Rg5 75. c6 Rc5 76. Kg6 1-0

[Event "18. Copenhagen Open (Politiken Cup)"]
[Site "Brondby"]
[Date "1996.??.??"]
[Round "11"]
[White "Hartvig, Ove Weiss"]
[Black "Nielsen, Carsten Juul"]
[Result "1-0"]
[WhiteElo "2300"]
[BlackElo "2080"]
[PlyCount "69"]
[EventDate "1996.??.??"]
[EventType "swiss"]
[EventRounds "11"]
[EventCountry "DEN"]
[SourceDate "2004.01.01"]

1. e4 Nc6 2. Nc3 Nf6 3. d4 d6 4. Nf3 Bg4 5. Be3 a6 6. Be2 e6 7. h3 Bh5 8. d5
exd5 9. exd5 Bxf3 10. Bxf3 Ne5 11. Be2 Be7 12. g4 Nfd7 13. Qd2 Nb6 14. b3 Ng6
15. O-O-O Nh4 16. Rhg1 Qd7 17. Bg5 Bxg5 18. Qxg5 Ng6 19. Bd3 O-O 20. Qd2 Rfe8
21. f4 Qe7 22. f5 Ne5 23. Be4 Qh4 24. Rdf1 Nbd7 25. Rf4 Nc5 26. g5 Qh5 27. Qf2
Qxh3 28. Rg3 Nxe4 29. Nxe4 Qh1+ 30. Rg1 Qh5 31. Rg2 Qh1+ 32. Kb2 Nd7 33. Nf6+
gxf6 34. gxf6+ Kf8 35. Rg8+ 1-0

[Event "18. Copenhagen Open (Politiken Cup)"]
[Site "Brondby"]
[Date "1996.??.??"]
[Round "11"]
[White "Henrichsen, Jens"]
[Black "Henriksen, Bo"]
[Result "0-1"]
[WhiteElo "2075"]
[BlackElo "2080"]
[PlyCount "50"]
[EventDate "1996.??.??"]
[EventType "swiss"]
[EventRounds "11"]
[EventCountry "DEN"]
[SourceDate "2004.01.01"]

1. d4 Nf6 2. c4 c5 3. d5 b5 4. cxb5 a6 5. f3 g6 6. e4 d6 7. Na3 Bg7 8. Ne2 O-O
9. Nc3 axb5 10. Naxb5 Na6 11. a4 Ne8 12. Be2 Nac7 13. O-O Nxb5 14. Nxb5 Nc7 15.
Qc2 Nxb5 16. Bxb5 Ba6 17. Bxa6 Rxa6 18. Bg5 Qb6 19. Rfb1 Bd4+ 20. Kh1 Rb8 21.
Ra3 Qb7 22. a5 Qb5 23. Bd2 Qe2 24. Qc1 Rxb2 25. Rxb2 Bxb2 0-1

[Event "18. Copenhagen Open (Politiken Cup)"]
[Site "Brondby"]
[Date "1996.??.??"]
[Round "11"]
[White "Hillarp Persson, Tiger"]
[Black "Gulko, Boris F"]
[Result "1/2-1/2"]
[WhiteElo "2410"]
[BlackElo "2615"]
[PlyCount "134"]
[EventDate "1996.??.??"]
[EventType "swiss"]
[EventRounds "11"]
[EventCountry "DEN"]
[SourceDate "2004.01.01"]

1. d4 e6 2. c4 b6 3. Nf3 Bb7 4. Nc3 Bb4 5. Qb3 a5 6. a3 a4 7. Qc2 Bxc3+ 8. Qxc3
d6 9. Bg5 Ne7 10. e3 Nd7 11. Bh4 O-O 12. Be2 f5 13. O-O Qe8 14. Nd2 Ng6 15. Bg3
e5 16. f3 f4 17. exf4 Nxf4 18. Bxf4 Rxf4 19. d5 Nc5 20. g3 Qg6 21. Bd1 Bc8 22.
Bc2 Bf5 23. Bxf5 Rxf5 24. Rae1 Raf8 25. Qe3 Rf4 26. Ne4 Nxe4 27. fxe4 h5 28.
Kg2 h4 29. Qd3 h3+ 30. Kg1 Qg4 31. Rxf4 Rxf4 32. Re3 Rf8 33. Qc2 Qg5 34. Qe2
Kh7 35. Rc3 Kg6 36. Rd3 Qh5 37. Qe1 Qg4 38. Re3 Kh5 39. Qd2 Rf3 40. Qe2 Rxe3
41. Qxe3 Qd1+ 42. Kf2 Qd4 43. Ke2 Qxb2+ 44. Ke1 Kg6 45. Qf3 Qc1+ 46. Kf2 Qd2+
47. Kf1 Qg5 48. Ke2 Kh7 49. Qf1 Qg4+ 50. Qf3 Qg6 51. Kd3 Kg8 52. g4 Qg5 53. Qf5
Qc1 54. g5 Qxa3+ 55. Kc2 Qb3+ 56. Kd2 Qb2+ 57. Kd1 Qd4+ 58. Kc2 Qxc4+ 59. Kd2
Qb4+ 60. Kc2 Qc4+ 61. Kd2 Qb4+ 62. Kc2 Qb3+ 63. Kd2 Qb2+ 64. Kd1 Qb5 65. g6
Qd3+ 66. Kc1 Qc3+ 67. Kd1 Qd3+ 1/2-1/2